<The> Most important factors of efficiency of flexible exogenous integration to the EU on Ukrainian example

Proces medzinárdnej ekonomickej integrácie v Európe a fenomén flexibilnej exogénnej integrácie EÚ.

Gespeichert in:
Bibliographische Detailangaben
1. Verfasser: Kosír, Igor
Weitere Verfasser: Slobodníková, Ivana, Orlická, Jana
Format: Buchkapitel
Sprache:Englisch
Schlagworte:
Tags: Tag hinzufügen
Keine Tags, Fügen Sie das erste Tag hinzu!

MARC

LEADER 00000naa a2200000 4500
001 0226892
005 20221019173115.9
041 0 |a eng 
044 |a SK 
245 1 0 |a <The> Most important factors of efficiency of flexible exogenous integration to the EU on Ukrainian example  |c Igor Kosír, Ivana Slobodníková, Jana Orlická 
520 |a Proces medzinárdnej ekonomickej integrácie v Európe a fenomén flexibilnej exogénnej integrácie EÚ. 
610 2 0 |a integrácia ekonomická 
610 2 0 |a Ukrajina 
610 2 0 |a Európska únia 
610 2 0 |a rast hospodársky 
610 2 0 |a obchod voľný 
100 1 |a Kosír, Igor 
700 1 |a Slobodníková, Ivana 
700 1 |a Orlická, Jana